Statistics for Cucumba lyrics

Click here to take the quiz!

General Stats

  • This quiz has been taken 23 times
  • The average score is 13 of 22

Answer Stats

Lyrics% Correct
{CUCUMBA}!
100%
Cucumba, {cucumba}
100%
Vitamins, {minerals} very high number
90%
Other vitamins make your {bones} them stronger
80%
95% {water}
70%
Energy drink full of {electrolytes}
70%
Get the cucumba cut it inna {slice}
70%
Put it inna {jug} of water overnight
70%
Silica, {hair and nails} get longer
70%
You know what you get for a {fraction} of the price
70%
Another surprise, put a slice on your {eyes}
60%
Or as a base for your {vegetable juice}
60%
{Anti wrinkle} make you look younger
50%
Cucumba water instead of {soda}
50%
{Kidney} cleanser, great hydrater
50%
Cucumba can also help with {bad breath}
40%
Detox, {fiber} good regulator
40%
Give your body good things, don't be a {traitor}
40%
Raw inna {salad} is one of the use
40%
Oh yes one thing i have {left}
30%
Take away the dryness {revitalize}
30%
Wash away the bacteria that cause the {odour}
20%

Score Distribution

Percentile by Number Answered

Percent of People with Each Score

Your Score History

You have not taken this quiz